|
|
|
|
| LEADER |
00901nam a2200241 a 4500 |
| 001 |
31702672 |
| 008 |
091124s2005 caua b 001 0 eng d |
| 010 |
|
|
|a 96904748
|
| 020 |
|
|
|a 1562261657
|
| 040 |
|
|
|a FVC
|c FVC
|d CSB
|
| 082 |
0 |
0 |
|a 338.95493
|2 21
|
| 100 |
1 |
|
|a Willis, James Frederick
|d 1932
|
| 245 |
0 |
0 |
|a Explorations in macroeconomics /
|c James F. Willis and M.Manfred Fabritius
|
| 250 |
0 |
0 |
|a 7th ed.
|
| 260 |
|
|
|a Redding, Calif. :
|b CAT Publishing Co,
|c 2005.
|
| 300 |
|
|
|a xviii, 522 p. :
|b ill ;
|c 28 cm.
|
| 504 |
|
|
|a Includes bibliographical references and index.
|
| 541 |
1 |
|
|e 00017360
|
| 650 |
|
0 |
|a Macroeconomics.
|
| 700 |
1 |
|
|a Fabritius,M.Manfred.
|
| 852 |
4 |
|
|a Ayesha Abed Library
|j General Shelf
|
| 999 |
|
|
|c 8011
|d 8011
|
| 952 |
|
|
|0 0
|1 0
|2 ddc
|4 0
|6 338_954930000000000_WIL_2005
|7 0
|9 9070
|a BRACUL
|b BRACUL
|c GEN
|d 2010-04-07
|l 4
|m 23
|o 338.95493 WIL
|p 3010017360
|r 2024-02-05
|s 2024-01-29
|t 1
|w 2010-04-07
|y BK
|